[Event "Avoine op 23rd"]
[Site "Avoine"]
[Date "2008.07.20"]
[Round "2"]
[White "Miqueu, Eric"]
[Black "Frick, Christoph"]
[Result "1/2-1/2"]
[WhiteElo "2107"]
[BlackElo "2271"]
[PlyCount "55"]
[EventDate "2008.07.19"]
[EventType "swiss"]
[EventRounds "9"]
[EventCountry "FRA"]
[SourceTitle "CBM 125 Extra"]
[Source "ChessBase"]
[SourceDate "2008.09.01"]
[SourceVersion "1"]
[SourceVersionDate "2008.09.01"]
[SourceQuality "1"]

1. e4 g6 2. d4 Bg7 3. Nc3 d6 4. Be3 a6 5. Qd2 Nd7 6. h4 Ngf6 7. h5 gxh5 8. 0-0-0 b5 9. e5 b4 10. Na4 Nd5 11. Bh6 Rg8 12. Nf3 Nf8 13. Bc4 Bb7 14. Rxh5 Qd7 15. Bxg7 Rxg7 16. exd6 Qxa4 17. Rxd5 Bxd5 18. Bxd5 c6 19. Qh6 Rg6 20. Bxf7+ Kxf7 21. Ne5+ Ke6 22. Nxg6 hxg6 23. dxe7 Kxe7 24. Qg7+ Kd6 25. Qe5+ Kd7 26. Qg7+ Kd6 27. Qe5+ Kd7 28. Qg7+ 1/2-1/2

[Event "Avoine op 21th"]
[Site "Avoine"]
[Date "2006.07.28"]
[Round "7"]
[White "Miqueu, Eric"]
[Black "Frick, Christoph"]
[Result "0-1"]
[WhiteElo "2070"]
[BlackElo "2230"]
[PlyCount "84"]
[EventDate "2006.07.22"]
[EventType "swiss"]
[EventRounds "9"]
[EventCountry "FRA"]
[SourceTitle "EXT 2007"]
[Source "ChessBase"]
[SourceDate "2006.11.23"]
[SourceVersion "1"]
[SourceVersionDate "2006.11.23"]
[SourceQuality "1"]

1. e4 g6 2. d4 Bg7 3. Nc3 d6 4. Nf3 a6 5. h3 e6 6. Be3 Ne7 7. Qd2 h6 8. 0-0-0 Nd7 9. g4 b5 10. a3 Bb7 11. d5 e5 12. Ng1 Qb8 13. Kb1 Bc8 14. Ka2 Nb6 15. g5 hxg5 16. Bxg5 Ng8 17. Be2 Nd7 18. Be3 Ngf6 19. f3 Nh5 20. Bf1 Ndf6 21. Nge2 Bd7 22. h4 0-0 23. Bh3 Be8 24. Bg4 a5 25. Bxh5 Nxh5 26. Rdg1 b4 27. Nd1 bxa3 28. bxa3 Qb5 29. Nec3 Qc4+ 30. Ka1 Kh7 31. Rg5 Bd7 32. Rhg1 Bf6 33. R5g2 Rab8 34. Bg5 Bg7 35. Be3 Rb7 36. Rg5 Bf6 37. R5g2 Rfb8 38. Qe1 c6 39. Bc1 cxd5 40. exd5 e4 41. Bb2 Rxb2 42. Nxb2 Bxc3 0-1

[Event "Avoine op 21th"]
[Site "Avoine"]
[Date "2006.07.26"]
[Round "5"]
[White "Miqueu, Eric"]
[Black "Guibouret, Gerard"]
[Result "1-0"]
[WhiteElo "2070"]
[BlackElo "1710"]
[PlyCount "65"]
[EventDate "2006.07.22"]
[EventType "swiss"]
[EventRounds "9"]
[EventCountry "FRA"]
[SourceTitle "EXT 2007"]
[Source "ChessBase"]
[SourceDate "2006.11.23"]
[SourceVersion "1"]
[SourceVersionDate "2006.11.23"]
[SourceQuality "1"]

1. e4 a6 2. d4 d6 3. Nf3 Nc6 4. Be3 Nf6 5. Nc3 b5 6. a3 Bb7 7. Bd3 Ng4 8. Bc1 e5 9. d5 Nd4 10. Nxd4 exd4 11. Qxg4 dxc3 12. bxc3 Qf6 13. Bd2 Bc8 14. Qe2 Be7 15. 0-0 h5 16. a4 h4 17. axb5 h3 18. g3 Rh4 19. bxa6 Bg4 20. f3 Bh5 21. gxh4 Qxh4 22. Kh1 Bg5 23. Bxg5 Qxg5 24. a7 Qe5 25. Bb5+ Ke7 26. Bc6 g5 27. Bxa8 f5 28. Bc6 g4 29. f4 Qxc3 30. exf5+ Kf6 31. a8Q g3 32. Qe6+ Kg7 33. Qag8# 1-0

[Event "FRA-chT3 0405"]
[Site "France"]
[Date "2004.11.06"]
[Round "2"]
[White "Lemasle, Raphael"]
[Black "Miqueu, Eric"]
[Result "1-0"]
[WhiteElo "2097"]
[BlackElo "2037"]
[PlyCount "83"]
[EventDate "2004.10.10"]
[EventType "team"]
[EventRounds "9"]
[EventCountry "FRA"]
[SourceTitle "EXT 2007"]
[Source "ChessBase"]
[SourceDate "2006.11.23"]
[SourceVersion "1"]
[SourceVersionDate "2006.11.23"]
[SourceQuality "1"]

1. d4 e6 2. c4 Nf6 3. g3 d5 4. Bg2 c6 5. Nf3 Bd6 6. Nbd2 Nbd7 7. 0-0 0-0 8. b3 b6 9. Bb2 Bb7 10. Rc1 Rc8 11. Ne5 Qc7 12. Nxd7 Qxd7 13. e4 dxe4 14. Nxe4 Nxe4 15. Bxe4 Be7 16. Qe2 Rfd8 17. c5 Bf6 18. Rfd1 Qe7 19. b4 b5 20. h4 g6 21. h5 Qf8 22. Rd3 Qg7 23. Rcd1 Rc7 24. Bc1 g5 25. h6 Qxh6 26. Kg2 Qf8 27. Rh1 h6 28. f4 Qg7 29. fxg5 Bxg5 30. Bxg5 hxg5 31. Rh7 Qf6 32. Qh5 Rdd7 33. Rf3 Qxd4 34. Qxg5+ Kf8 35. Qh6+ Kg8 36. Rf4 f5 37. Qxe6+ Rf7 38. Rxf7 Rxf7 39. Rxf5 Qb2+ 40. Kh3 Qh8+ 41. Kg4 Qg7+ 42. Rg5 1-0

[Event "Rohde op 03rd"]
[Site "Sautron"]
[Date "2003.10.26"]
[Round "2"]
[White "Miqueu, Eric"]
[Black "Mercier, Jean Loup"]
[Result "0-1"]
[WhiteElo "2112"]
[BlackElo "2040"]
[PlyCount "74"]
[EventDate "2003.10.25"]
[EventType "swiss"]
[EventRounds "9"]
[EventCountry "FRA"]
[SourceTitle "EXT 2004"]
[Source "ChessBase"]
[SourceDate "2003.11.25"]
[SourceVersion "1"]
[SourceVersionDate "2003.11.25"]
[SourceQuality "1"]

1. e4 c5 2. Nf3 d6 3. d4 cxd4 4. Nxd4 Nf6 5. Nc3 a6 6. f3 e5 7. Nb3 Be6 8. Be3 Nbd7 9. Qd2 Be7 10. g4 h6 11. 0-0-0 b5 12. Kb1 Qc7 13. Qf2 Rb8 14. h4 Nb6 15. Qg2 Nc4 16. Bc1 0-0 17. g5 Nh5 18. gxh6 g6 19. Qf2 Na3+ 20. bxa3 Qxc3 21. Bb2 Qc7 22. Bh3 Bxh3 23. Rxh3 a5 24. Nc1 b4 25. axb4 axb4 26. Qe3 Rfc8 27. Rh2 Kh7 28. Qb3 Bf8 29. Nd3 Bxh6 30. Bc1 Bxc1 31. Rxc1 Kg7 32. f4 exf4 33. Rf2 Qb6 34. Rcf1 Rc3 35. Qb2 Kg8 36. Nxf4 Ng3 37. Re1 Qxf2 0-1

[Event "FRA-ch U16"]
[Site "Le Grand Bornand"]
[Date "2003.??.??"]
[Round "8.8"]
[White "Soyez, Cyril"]
[Black "Miqueu, Eric"]
[Result "1-0"]
[WhiteElo "2100"]
[BlackElo "1730"]
[PlyCount "63"]
[EventDate "2003.??.??"]
[EventType "swiss"]
[EventRounds "9"]
[EventCountry "FRA"]
[SourceTitle "EXT 2004"]
[Source "ChessBase"]
[SourceDate "2003.11.25"]
[SourceVersion "1"]
[SourceVersionDate "2003.11.25"]
[SourceQuality "1"]

1. c4 Nf6 2. Nc3 g6 3. g3 Bg7 4. Bg2 0-0 5. e4 d6 6. Nge2 e5 7. 0-0 Nc6 8. d3 Ne8 9. f4 f5 10. Rb1 a5 11. a3 Nd4 12. Nxd4 exd4 13. Ne2 a4 14. b3 axb3 15. Rxb3 c5 16. exf5 Rxf5 17. Bxb7 Bxb7 18. Rxb7 Qc8 19. Rb3 Nf6 20. g4 Nxg4 21. Ng3 Rf7 22. Qf3 Nh6 23. Qd5 Rb8 24. Rxb8 Qxb8 25. Ne4 Nf5 26. Ng5 Qf8 27. Qxf7+ Qxf7 28. Nxf7 Kxf7 29. a4 Bf6 30. a5 Bd8 31. Bd2 Ne7 32. Rb1 1-0